Logo CIB grande

DESIGN OF HIGHWAY BRIDGES: AN LRFD APPROACH (Registro nro. 236965)

Detalles MARC
000 -LEADER
campo de control de longitud fija 00579nam a2200229Ia 4500
005 - FECHA Y HORA DE LA ÚLTIMA TRANSACCIÓN
campo de control 20250425162819.0
008 - DATOS DE LONGITUD FIJA--INFORMACIÓN GENERAL
campo de control de longitud fija 250425s9999 xx 000 0 und d
020 ## - NÚMERO INTERNACIONAL ESTÁNDAR DEL LIBRO
Número Internacional Estándar del Libro 9780470900666
041 ## - CÓDIGO DE IDIOMA
Código de lengua del texto/banda sonora o título independiente eng
044 ## - CÓDIGO DEL PAÍS DE LA ENTIDAD EDITORA/PRODUCTORA
Código MARC del país -us
082 ## - NÚMERO DE LA CLASIFICACIÓN DECIMAL DEWEY
Número de clasificación 624.25
Iniciales del Autor BAR
010 ## - NÚMERO DE CONTROL DE LA BIBLIOTECA DEL CONGRESO
Número de control de LC 110031
100 ## - ENTRADA PRINCIPAL--NOMBRE DE PERSONA
Nombre de persona BARKER, RICHARD M
245 #0 - MENCIÓN DEL TÍTULO
Título DESIGN OF HIGHWAY BRIDGES: AN LRFD APPROACH
250 ## - MENCION DE EDICION
Mención de edición 3RD ED.
264 ## - PRODUCCIÓN, PUBLICACIÓN, DISTRIBUCIÓN, FABRICACIÓN Y COPYRIGHT
Producción, publicación, distribución, fabricación y copyright Estados Unidos, NEW YORK
Nombre del de productor, editor, distribuidor, fabricante JOHN WILEY & SON
Fecha de producción, publicación, distribución, fabricación o copyright 2013.
300 ## - DESCRIPCIÓN FÍSICA
Extensión 528
650 ## - PUNTO DE ACCESO ADICIONAL DE MATERIA--TÉRMINO DE MATERIA
Término de materia o nombre geográfico como elemento de entrada DISEÑO Y CONSTRUCCIÓN
650 ## - PUNTO DE ACCESO ADICIONAL DE MATERIA--TÉRMINO DE MATERIA
Término de materia o nombre geográfico como elemento de entrada PUENTES
700 ## - ENTRADA AGREGADA--NOMBRE PERSONAL
Nombre de persona PUCKETT, JAY A.
942 ## - ELEMENTOS DE ENTRADA SECUNDARIOS (KOHA)
Tipo de ítem Koha Libros
Existencias
Estatus retirado Estado de pérdida Estado de daño No para préstamo Biblioteca de origen Biblioteca actual Fecha de adquisición Coste, precio normal de compra Etiqueta RFID Total de préstamos Código de barras Copia número Tipo de ítem Koha Nota pública
        CENTRO DE INFORMACIÓN BIBLIOTECARIA CENTRO DE INFORMACIÓN BIBLIOTECARIA 04/09/2019 208.00 0000000000000000034670   71003 1 Libros CIB
        CENTRO DE INFORMACIÓN BIBLIOTECARIA CENTRO DE INFORMACIÓN BIBLIOTECARIA 04/09/2019 208.00 0000000000000000034671   71004 2 Libros CIB

Copyright 2025 ESPOL. Todos los derechos reservados.